Statystyki dla Najbardziej znane partie polityczne w Polsce

Kliknij tutaj aby rozwiązać quiz!

Ogólne statystyki

  • Ten quiz został rozwiązany 1 584 razy
  • Średni wynik to 7 z 15

Statystyki odpowiedzi

HintOdpowiedź% Poprawnych
konserwatyzm, chrześcijańska demokracja, eurosceptycyzm, solidaryzmPrawo i Sprawiedliwość
99%
socjalliberalizm, chrześcijańska Demokracja, proeuropeizm, liberalizm gospodarczyPlatforma Obywatelska
93%
centryzm, agraryzm, chrześcijańska Demokracja, proeuropeizm, solidaryzmPolskie Stronnictwo Ludowe
75%
paleolibertarianizm, konserwatywny liberalizm, eurosceptycyzm, wolny rynekKORWiN
66%
socjaldemokracja, proeuropeizmSojusz Lewicy Demokratycznej
65%
demokracja bezpośrednia, eurosceptycyzm, liberalizm gospodarczyKukiz'15
61%
liberalizm, proeuropeizm, wolny rynekNowoczesna
54%
narodowy konserwatyzm, eurosceptycyzm, solidaryzmSolidarna Polska
48%
socjaldemokracja, feminizm, proeuropeizm, państwo opiekuńczePartia Razem
47%
nacjonalizm, narodowa demokracja, eurosceptycyzm, protekcjonizmRuch Narodowy
36%
konserwatywny liberalizm, republikanizm, liberalizm gospodarczyPorozumienie
26%
konserwatywny liberalizm, monarchizm, eurosceptycyzm, wolny rynekKongres Nowej Prawicy
9%
socjalliberalizm, proeuropeizm, wolny rynek, kapitalizmTeraz!
8%
centryzm, socjalliberalizm, proeuropeizm, społeczna gospodarka rynkowaUnia Europejskich Demokratów
7%
konserwatyzm, solidaryzmWolni i Solidarni
4%

Rozkład punktacji

Percentyl według liczby udzielonych odpowiedzi

Procent ludzi z każdym wynikiem

Twoja historia wyników

Nie rozwiązałeś tego quizu